| 000 | 00882nam a2200169 a 4500 | ||
|---|---|---|---|
| 008 | 090518s1975 ||||||||||||||||| || u | ||
| 050 | _aGOV.ZAM.H6(058) | ||
| 110 | _aGovernment of the Republic of Zambia. Ministry of Home Affairs | ||
| 245 | 1 | 0 | _aMinistry of home affairs department of national registration annual report (1975, 1977, 1978, 1980) |
| 260 |
_aLusaka: _bGovernment Printer _c1975 |
||
| 300 | _a17p. | ||
| 350 | _a0.00 | ||
| 500 | _aLIBRARY HOLDINGS: 1975, 1977, 1978, 1980 | ||
| 650 | _aMINISTRY OF HOME AFFAIRS--ANNUAL REPORT | ||
| 995 |
_aSPECIAL COLLECTIONS _D0.00 _e03003980 _FCBU-MAIN LIBRARY (Kitwe) _H1 _I0.00 _jGOV.ZAM(058)DNR/1977 _M1 _UAVAILABLE _WMay 18, 2009 _y03003980 _ZZambiana Collection |
||
| 995 |
_aSPECIAL COLLECTIONS _D0.00 _e03003982 _FCBU-MAIN LIBRARY (Kitwe) _H1 _I0.00 _jGOV.ZAM.H6(058)DNR/1977 _M1977 _UAVAILABLE _WMay 18, 2009 _y03003982 _ZZambiana Collection |
||
| 999 |
_c77690 _d77690 |
||